Triste, Solitario y final

Wedi'i Gadw mewn:
Manylion Llyfryddiaeth
Prif Awdur: Soriano, Osvaldo (Awdur)
Fformat: Llyfr
Iaith:Sbaeneg
Cyhoeddwyd: Buenos Aires Sudamericana 1995
Rhifyn:8a. ed
Cyfres:Joven Novela
Pynciau:
Tagiau: Ychwanegu Tag
Dim Tagiau, Byddwch y cyntaf i dagio'r cofnod hwn!

MARC

LEADER 00000nam a2200000 a 4500
001 UCH6445
003 CL-VaPUC
008 091109e19950000AG |||||||||||||||||spa|d
020 |a 9500703327 
082 0 4 |a Ar863  |b SOR  |2 21 
100 0 |a Soriano, Osvaldo  |e author  |9 542977 
245 1 0 |a Triste, Solitario y final 
250 |a 8a. ed 
300 |a 185 p 
942 |c BK 
945 |d 20091109 00:00:00  |a ccalabra 
260 |a Buenos Aires  |b Sudamericana  |c 1995 
650 0 |a Literatura argentina  |9 320596 
650 0 |a Novelas argentinas  |9 267871 
583 |a last modification  |c 20130717 11:28:54  |k Rodrigo Vera 
490 0 |a Joven Novela 
999 |c 337328  |d 337326